Statystyki dla Podstawy Matematyki -Teoria

Kliknij tutaj aby rozwiązać quiz!

Ogólne statystyki

  • Ten quiz został rozwiązany 2 846 razy
  • Średni wynik to 15 z 25

Statystyki odpowiedzi

Lp.PytanieOdpowiedź% Poprawnych
1Opisz wzorem "Twierdzenie Pitagorasa".a2+b2=c2
96%
7Zamień 26,2 km na metry.26200 m
89%
2Jakiej figury geometrycznej dotyczy wyżej wymienione twierdzenie?Trójkąt Prostokątny
89%
13Ile w przybliżeniu wynosi liczba pi?3,14
86%
9Jaką nazwę nosi kąt, którego miara mieści się w granicach większy od 0* mniejszy od 90*?Kąt ostry
86%
5Jakim terminem określa się odcinek łączący środek koła, okręgu, kuli lub sfery z dowolnym punktem położonym na jej brzegu?Promień
83%
11Pole powierzchni której figury geometrycznej obliczymy wzorem P=1/2(a+b)*h?Trapez
83%
18Jak nazywamy wynik mnożenia?Iloczyn
81%
3Objętość, której bryły obliczyć można wzorem V= π r^2 h?Walec
77%
10Jaką nazwę nosi część prostej zawarta pomiędzy dwoma jej punktami z tymi punktami włącznie?Odcinek
73%
16Które z tych działań jest niezgodne z prawami matematyki? (wpisz nieprawidłowe jako odpowiedź) - x=0/156, x=12*0, x=14*(-1), x=120/0x=120/0
73%
12Podaj wzór skróconego mnożenia dla (a+b)^2.a^2+2ab+b^2
69%
4Jak nazywamy funkcję o postaci f(x) = ax^2 + bx + c, gdzie a, b, c są pewnymi stałymi, przy czym "a nie jest = 0"?Funkcja Kwadratowa
62%
21Jak nazywamy funkcję o postaci f(x) = ax + b?Funkcja Liniowa
57%
6Jaką nazwę nosi dział matematyki, którego przedmiotem badań są związki miarowe między bokami i kątami trójkątów?Trygonometria
52%
24Jaką nazwę nosi odcinek łączący dowolne dwa wierzchołki wielokąta lub wielościanu, które nie leżą na jednym boku wielokąta lub na jednej ścianie wielościanu?Przekątna
47%
8Jaką nazwę nosi twierdzenie według którego, jeżeli ramiona kąta przecięte są prostymi równoległymi, to odpowiednie odcinki wyznaczone przez te proste na jednym ramieniu kąta są proporcjonalne do odpowiednich odcinków wyznaczonych przez te proste na drugim ramieniu kąta ?Twierdzenie Talesa
44%
22Jaką nazwę nosi półprosta, o początku w wierzchołku kąta, która dzieli ten kąt na dwa kąty przystające?Dwusieczna
40%
20Jaką ogólną nazwą określa się bryły w skład których wchodzi między innymi stożek, kula oraz walec?Bryły Obrotowe
36%
15Podaj wzór skróconego mnożenia dla (a+b)^3.a^3+3a^2b+3ab^2+b^3
31%
23Jak nazywamy wielkość o postaci (a1+a2+a3....+an)/n ?Średnia Arytmetyczna
29%
25Pole powierzchni której figury geometrycznej obliczymy jako 1/2 iloczynu długości odcinków z pytania nr 24?Deltoid
26%
17Którą literą alfabetu greckiego oznacza się sumę?Sigma
22%
14Jaką inną nazwą określa się liczbę pi?Ludolfina
13%
19Jaką nazwą określa się drugi kwartyl?Mediana
11%

Rozkład punktacji

Percentyl według liczby udzielonych odpowiedzi

Procent ludzi z każdym wynikiem

Twoja historia wyników

Nie rozwiązałeś tego quizu